000 00406nam a2200157 i 4500
001 bg
100 1 _aBEN-MENAHEM, Ari
245 0 _aSeismic waves and sources /
_cAri Ben-Menahem, Sarva Jit Singh.
260 _aNew York,
_c1981.
700 1 _aSINGJ, Sarva Jit
040 _cBPK
041 _apol
080 _a550.3:539.3/.6:624.131:517.95
942 _cKS
008 s pl f |000 0 pol
999 _c23822
_d23822
856 _uhttp://koha.tu.koszalin.pl/cgi-bin/koha/opac-detail.pl?biblionumber=23822
_yKatalog online BPK